01059nab a22002537a 4500003000400000005001700004008004100021040000700062100002300069245008100092260007200173300001200245500003500257505013100292505008900423650001800512650001800530650002600548650003500574650002200609650002900631650002500660773012000685OSt20251209141536.0190502c xxu||||| |||| 00| 0 spa d cPJ aManfredi, Guido E.10aConstitución ausente. Un análisis de la ley 27.784 /cGuido E. Manfredi. aCiudad Autónoma de Buenos Aires :bThomson Reuters La Ley,c2025. ap. 6-21 aCita Online: AR/DOC/1534/2025. aSumario: I. Introducción.— II. El juicio en ausencia y el derecho de defensa. — III. La ley 27.784.— IV. Conclusión. t¿Te interesa el texto completo? Solicitalo al correo: koha@justierradelfuego.gov.ar 0aDERECHO PENAL 0aPROCESO PENAL 0aCONSTITUCION NACIONAL 0aGARANTIAS CONSTITUCIONALES › 0aDEFENSA EN JUICIO 0aTRATADOS INTERNACIONALES 0aDERECHO A SER OÍDO0 02729dBuenos Aires : LexisNexis, 2006-tRevista de derecho penal y procesal penal. Nº 8 - Agosto 2025z9875920622